| 000 | nam a22 a 4500 | ||
|---|---|---|---|
| 999 |
_c414263 _d414263 |
||
| 003 | BLK | ||
| 005 | 20210514165639.0 | ||
| 008 | 210514b bu |||||r|||| 00| | bu d | ||
| 040 | _aBLK | ||
| 041 |
_aRUS _cRUS |
||
| 080 |
_aВодни съоръжения. Басейни. Водоскоци. Водопади. Фонтани _b712.5 _x:725.94 _z712.5:725.94 |
||
| 100 |
_9453660 _aБеде, Дональд _eпърви автор |
||
| 139 | _aБеде, Дональд | ||
| 245 |
_aСамодействующие фонтаны _bРуководство для любителей ремесла _cDonald Bede ; Пер. с англ _h _f |
||
| 260 |
_aМосква _bлит. т-ва И.Н. Кушнерев и К _c1898 _9449075 |
||
| 300 |
_a24 с., 3 л. черт. _c19 см |
||
| 380 | _a7 | ||
| 650 | 0 |
_9453662 _aСъоръжения, водни |
|
| 653 | 7 |
_9199463 _aфонтани |
|
| 852 |
_aРр 898 _bЦб |
||
| 942 |
_cKNG _n0 _s1 |
||
| 944 |
_aCR _c2021-05-14 _kГГГ |
||
| 999 | _d414263 | ||